000 00605nam a2200181Ia 4500
008 151202s9999||||xx |||||||||||||| ||und||
082 _bPNVM-64816
100 _aहरकारे अरुण.
245 _aकाही तासांसाठी.
260 _b"विद्यापीठ प्रकाशन, पुणे."
260 _c2006
300 _a200
600 _aहरकारे अरुण.
630 _aकाही तासांसाठी.
700 _aहरकारे अरुण.
730 _aकाही तासांसाठी.
942 _cBOOK
999 _c1331349
_d1331346